000 00855cab a2200253 4500
001 WB2747-14
008 090401t1991 xxu||||| |||| 00| 0 eng d
035 _a(Sirsi) u56321
041 _aeng
245 _aLondon`s world status `in decline`
260 _c1991
350 _a0
490 _aTimes
_v30 November 1991, 5
490 _aRICS Press Release
_v(118/91) 29 November 1991, (3)
520 _aCooper and Lybrand Deloitte`s study, "London: World City", points to future decline if present social and environmental trends continue, commenting particularly on the absence of united representation.
650 _aFINANCIAL CENTRES
650 _aLONDON PLANNING ADVISORY COMMITTEE
650 _aLONDON
650 _aSTRATEGIC PLANNING
650 _aURBAN TRANSPORT
690 _aECONOMIC AND SOCIAL
942 _n0
948 _c04/03/1997
999 _c34346
_d34346